Elementary practical chemistry : (Record no. 8489)
[ view plain ]
| 000 -LEADER | |
|---|---|
| fixed length control field | 00872nam a2200277 a 4500 |
| 001 - CONTROL NUMBER | |
| JCCL Control Number | 8489 |
| 003 - CONTROL NUMBER IDENTIFIER | |
| JCCL marc code | BD-JhCC |
| 005 - DATE AND TIME OF LATEST TRANSACTION | |
| control field | 20181003174158.0 |
| 008 - FIXED-LENGTH DATA ELEMENTS--GENERAL INFORMATION | |
| fixed length control field | 180225s1914 enka 001 0 eng d |
| 035 ## - SYSTEM CONTROL NUMBER | |
| system control number | (BD-JhCC)8489 |
| 040 ## - CATALOGING SOURCE | |
| Original cataloging agency | UkCU |
| Transcribing agency | UkCU |
| Modifying agency | BD-JhCC |
| 041 ## - LANGUAGE CODE | |
| Language code of Book | eng |
| 082 ## - DEWEY DECIMAL CLASSIFICATION NUMBER | |
| Author mark and Year | BHA 1963 |
| Classification number | 540 |
| 100 1# - MAIN ENTRY--PERSONAL NAME | |
| Personal name | Bhal, B. S. |
| Fuller form of name | (James Eckersley), |
| Dates associated with a name | 1890- |
| 245 10 - TITLE STATEMENT | |
| Title | Elementary practical chemistry : |
| Remainder of title | for medical and other students / |
| Statement of responsibility, etc | B. S. Bhal A. N. Sharma |
| 260 ## - PUBLICATION, DISTRIBUTION, ETC. (IMPRINT) | |
| Place of publication, distribution, etc | London : |
| Name of publisher, distributor, etc | Charles Griffin, |
| Date of publication, distribution, etc | 1963. |
| 300 ## - PHYSICAL DESCRIPTION | |
| Pagination | viii, 258, p. : |
| Other physical details | ill. ; |
| Dimensions | 20 cm. |
| 490 1# - SERIES STATEMENT | |
| Series statement | Griffin's scientific text-books |
| 504 ## - BIBLIOGRAPHY, ETC. NOTE | |
| Bibliography, etc | Includes index. |
| 650 #0 - SUBJECT ADDED ENTRY--TOPICAL TERM | |
| Topical term or geographic name as entry element | Chemistry, Analytic |
| Form subdivision | Textbooks. |
| 650 #0 - SUBJECT ADDED ENTRY--TOPICAL TERM | |
| Topical term or geographic name as entry element | Chemistry |
| General subdivision | Experiments. |
| 700 1# - ADDED ENTRY--PERSONAL NAME | |
| Personal name | Firth, J. B. |
| Fuller form of name | (James Brierley), |
| Dates associated with a name | 1888- |
| 830 #0 - SERIES ADDED ENTRY--UNIFORM TITLE | |
| Uniform title | Griffin's scientific textbooks. |
| 942 ## - ADDED ENTRY ELEMENTS (KOHA) | |
| Source of classification or shelving scheme | Dewey Decimal Classification |
| Koha item type | Books |
| Source of classification or shelving scheme | Damaged status | Not for loan | Home library | Current library | Shelving location | Date of accession | Total Checkouts | Full call number | Barcode | Date last seen | Copy number | Koha item type |
|---|---|---|---|---|---|---|---|---|---|---|---|---|
| Dewey Decimal Classification | JCC Rouf Library | JCC Rouf Library | General Stacks | 02/25/2018 | 540 BHA 1963 | 10933 | 02/25/2018 | C-1 | Books |